VOLTO (IL) (Record n. 106256)

Dettagli MARC
000 -LEADER
fixed length control field 01869agaaa2200337 4500
001 - CONTROL NUMBER
control field 1969
003 - CONTROL NUMBER IDENTIFIER
control field IT-RoPAU
005 - DATE AND TIME OF LATEST TRANSACTION
control field 20220918181243.0
007 - PHYSICAL DESCRIPTION FIXED FIELD--GENERAL INFORMATION
fixed length control field d cvaizq
008 - FIXED-LENGTH DATA ELEMENTS--GENERAL INFORMATION
fixed length control field 50131s9999||||xx ||| | || ||und||
040 ## - CATALOGING SOURCE
Original cataloging agency IT-RoPAU
Transcribing agency IT-RoPAU
041 ## - LANGUAGE CODE
Language code of text/sound track or separate title ITALIANO
100 ## - MAIN ENTRY--PERSONAL NAME
Personal name Bergman Ingmar
Miscellaneous information Codice regista SPICS: 9304
9 (RLIN) 34076
130 ## - MAIN ENTRY--UNIFORM TITLE
Uniform title VOLTO (IL)
9 (RLIN) 34082
240 ## - UNIFORM TITLE
Uniform title ANSIKTET
Miscellaneous information T0682
245 ## - TITLE STATEMENT
Title VOLTO (IL)
Statement of responsibility, etc. Prodotto da: Svensk Filmindustri -- Sceneggiatura: Ingmar Bergman -- Diretto da: Bergman Ingmar
Name of part/section of a work VOLTO (IL) (Rif. Codice opera principale : 71969)
246 ## - VARYING FORM OF TITLE
Title proper/short title ANSIKTET
250 ## - EDITION STATEMENT
Edition statement Edizione Standard
260 ## - PUBLICATION, DISTRIBUTION, ETC. (IMPRINT)
Place of publication, distribution, etc. (SVEZIA)
Name of publisher, distributor, etc. SVENSK / Distribuzione: MASTER VIDEO
Date of manufacture "1958 (1° ed.: 1988 ; Ed. Lingua Orig.: 1958)"
300 ## - PHYSICAL DESCRIPTION
Extent VHS
Other physical details sonoro, col.
Dimensions 98 minuti
508 ## - CREATION/PRODUCTION CREDITS NOTE
Creation/production credits note "Fotografia: Gunnar Fischer; Montaggio: Oscar Rosande; Musica: Nordgren Erik; Sceneggiatura: Ingmar Bergman; Scenografia: Ludgreen P.A.; "
511 ## - PARTICIPANT OR PERFORMER NOTE
Participant or performer note "Max-Von-Sydow; Ingrid-Thulin; Gunnar-Bjornstrand; Bibi-Andersson; Maima-Wifstrand"
520 ## - SUMMARY, ETC.
Summary, etc. ALTRO-INTERPRETE-ERLAND-JOSEPHSON TEMATICHE: PROBLEMI-SPIRITUALI-DELL'ESISTENZA BERGMAN-E-IL-CINEMA-NORDICO FEDE-E-RAGIONE-A-CONFRONTOPREMIO SPECIALE DELLA GIURIA PER L'ORIGINALITA' POETICA E LA RAFFINATEZZA FORMALE, VENEZIA 1959 PREMIO PASINETTI E PREMIO TARGA DEL CINEMA NUOVOVITA VISTA COME COSTANTE E AFFANNOSA RICERCA DELLA VERITA' E DI DIO AMORE CHE ATTUTISCE L'ANGOSCIA DELL'INCERTEZZA E FACILITA IL CAMMINO VERSO LA SCOPERTA
538 ## - SYSTEM DETAILS NOTE
System details note PAL, STEREO
546 ## - LANGUAGE NOTE
Language note ITALIANO
650 ## - SUBJECT ADDED ENTRY--TOPICAL TERM
Topical term or geographic name as entry element DRAMMATICO
Relator term FILMS [VHS]
General subdivision Codice MATERIA SPICS: 9960
9 (RLIN) 34083
700 ## - ADDED ENTRY--PERSONAL NAME
Personal name Bergman Ingmar
Relator term (regista)
Miscellaneous information Codice regista SPICS: 9304
9 (RLIN) 34076
700 ## - ADDED ENTRY--PERSONAL NAME
Personal name Bergman Ingmar
Relator term (soggetto)
Miscellaneous information Codice Soggetto SPICS: 9304
9 (RLIN) 34084
700 ## - ADDED ENTRY--PERSONAL NAME
Personal name Nordgren Erik
Relator term (musica)
Miscellaneous information Codice Musica SPICS: 25396
9 (RLIN) 34085
942 ## - ADDED ENTRY ELEMENTS (KOHA)
Koha item type VHS - VIDEO
Source of classification or shelving scheme Dewey Decimal Classification
Dati di copia
Withdrawn status Lost status Damaged status Not for loan Home library Current library Date acquired Total Checkouts Full call number Date last seen Price effective from Koha item type Public note
    Buone Condizioni Not For Loan SPICS-MEDIATECA SPICS-MEDIATECA 31/01/2015   71969 31/01/2015 31/01/2015 VHS - VIDEO Progr. Ins.: 2439 / N.Vol.:1 / Copie: 2 / Pag.:0 / Copia rara: n.d. / date import: 1.2.2015 / By Epidotti, Trombetti, Vaglietti
CREDITS: SOCIETA' SAN PAOLO Via A.Severo, 58 - ROMA (RM) & PERIODICI SAN PAOLO SRL Via Giotto, 36 MILANO & CISF Via Giotto, 36 MILANO & EDIZIONI SAN PAOLO SRL,  Piazza Soncino, 5 CINISELLO BALSAMO (MI) -- ITALY